000 00875nam a2200253Ia 4500
003 OSt
005 20221005105649.0
006 a|||||r|||| 00| 0
007 ta
008 221004b |||||||| |||| 00| 0 hin d
020 _a8181434919 (hbk)
_c995
024 _a98656
037 _b560, 23/03/2009, Vani Prakashan
_cTextual
040 _aCRL
_cCRL
_bhin
041 _2hin
_ahin
082 _aNQ2.Nk, 152P6
100 _aभारद्वाज, विनोद
245 0 _aबृहत आधुनिक कला कोश
246 _aBṛuhat ādhunik kalā kosha
260 _aनई दिल्ली
_bवाणी प्रकाशन भारत
_c2006
300 _a508पृ0
_ccm.
942 _hNQ2.Nk, 152P6
_cTEXL
_2cc
999 _c1016503
_d1016503